| 000 | 00839nam a2200205 a 4500 | ||
|---|---|---|---|
| 008 | 120416s1992 ||||||||||||||||| || u | ||
| 020 | _a1853391190 | ||
| 050 | _aSB 185 Gro | ||
| 100 | _aCooper, David | ||
| 245 | 1 | 0 |
_aGrowing diversity _cedited by David Cooper |
| 246 | _agenetic resources and local food security | ||
| 260 |
_aLondon _bIntermediate Technology Publications _c1992 |
||
| 350 | _a0.00 | ||
| 650 | _aRESOURCE CONSERVATION | ||
| 650 | _aFARMING | ||
| 700 | _aVellve, Renee | ||
| 700 | _aHobbelink, Henk | ||
| 995 |
_aMAIN LIBRARY OPEN ACCESS _D0.00 _e723568 _FCBU-MAIN LIBRARY (Kitwe) _H1 _I9.95 _jSB 185 Gro _M1 _UAVAILABLE _y013694 _ZMain Library Open Access Collection |
||
| 995 |
_aTEXTBOOKS (SBE) _D0.00 _e2686 _FCBU-SCHOOL TEXTBOOK COLLECTIONS _H1 _I0.00 _jSCHOOL TEXTBOOK _M2 _UAVAILABLE _WNov 20, 2008 _y2686 _ZSchool Collections |
||
| 999 |
_c76025 _d76025 |
||